BUILDING STRUCTURES / (Record no. 588535)
[ view plain ]
| 000 -LEADER | |
|---|---|
| fixed length control field | 00343nam a22001457a 4500 |
| 020 ## - INTERNATIONAL STANDARD BOOK NUMBER | |
| Qualifying information | PB. |
| 040 ## - CATALOGING SOURCE | |
| Transcribing agency | FIZZA ISHAQ |
| 082 ## - DEWEY DECIMAL CLASSIFICATION NUMBER | |
| Classification number | 690 |
| Author Mark | MAL |
| 100 ## - MAIN ENTRY--PERSONAL NAME | |
| Personal name | MILLAIS,MALCOLM. |
| 9 (RLIN) | 90172 |
| 245 ## - TITLE STATEMENT | |
| Title | BUILDING STRUCTURES / |
| Statement of responsibility, etc. | MALCOLM MILLAIS. |
| 250 ## - EDITION STATEMENT | |
| Edition statement | 3rd ED. |
| 260 ## - PUBLICATION, DISTRIBUTION, ETC. | |
| Place of publication, distribution, etc. | LONDON ; |
| Name of publisher, distributor, etc. | ROUTLEDGE, |
| Date of publication, distribution, etc. | 2017. |
| 300 ## - PHYSICAL DESCRIPTION | |
| Extent | 568 P. ; |
| 942 ## - ADDED ENTRY ELEMENTS (KOHA) | |
| Source of classification or shelving scheme | |
| Koha item type | Book |
| Withdrawn status | Lost status | Source of classification or shelving scheme | Damaged status | Not for loan | Permanent Location | Current Location | Date acquired | Full call number | Barcode | Date last seen | Copy number | Price effective from | Koha item type | Total Checkouts |
|---|---|---|---|---|---|---|---|---|---|---|---|---|---|---|
| NUST Baluchistan Campus (NBC) | NUST Baluchistan Campus (NBC) | 03/02/2022 | 690 MAL | Q-2635 | 03/02/2022 | 1 | 03/02/2022 | Book | ||||||
| NUST Baluchistan Campus (NBC) | NUST Baluchistan Campus (NBC) | 03/02/2022 | 624.1771 CHI | Q-2921 | 12/29/2025 | 1 | 03/02/2022 | Book | ||||||
| NUST Baluchistan Campus (NBC) | NUST Baluchistan Campus (NBC) | 03/02/2022 | 690 MAL | Q-2738 | 12/29/2025 | 03/02/2022 | Book | |||||||
| NUST Baluchistan Campus (NBC) | NUST Baluchistan Campus (NBC) | 03/02/2022 | 690 MAL | Q-2945 | 12/29/2025 | 2 | 03/02/2022 | Book |
